000 00262nam a22001097a 4500
003 SGT
082 _a346.54086,BAR
100 _aBARE,ACT
245 _aLIFE INSURANCE CORPORATION ACT,1956 (31 OF 1956)
260 _aNEW DELHI
_bEASTERN BOOK
_c2015
942 _2ddc
_cBK
999 _c11670
_d11670